Espectros de Marx el estado de la deuda, el trabajo del duelo y la nueva internacional (Record no. 151518)
[ view plain ]
| 000 -LEADER | |
|---|---|
| fixed length control field | nam a22 7a 4500 |
| 005 - DATE AND TIME OF LATEST TRANSACTION | |
| control field | 20190924161229.0 |
| 008 - FIXED-LENGTH DATA ELEMENTS--GENERAL INFORMATION | |
| fixed length control field | 190924b sp ||||| |||| 00| 0 spa d |
| 020 ## - INTERNATIONAL STANDARD BOOK NUMBER | |
| International Standard Book Number | 9788481640649 |
| 050 04 - LIBRARY OF CONGRESS CALL NUMBER | |
| Classification number | B3305.M7 |
| Item number | D47 2012 |
| 100 1# - MAIN ENTRY--PERSONAL NAME | |
| Personal name | Derrida, Jacques, |
| Dates associated with a name | 1930-2004, |
| Relator term | autor |
| 240 10 - UNIFORM TITLE | |
| Uniform title | Spectres de Marx. L'é de la dette, le travail du deuil et la nouvelle internationale |
| 245 10 - TITLE STATEMENT | |
| Title | Espectros de Marx el estado de la deuda, el trabajo del duelo y la nueva internacional |
| Statement of responsibility, etc | / Jacques Derrida ; traducción de José Miguel Alarcón y Cristina de Peretti. |
| 250 ## - EDITION STATEMENT | |
| Edition statement | 5a ed. |
| 260 ## - PUBLICATION, DISTRIBUTION, ETC. (IMPRINT) | |
| Place of publication, distribution, etc | Madrid : |
| Name of publisher, distributor, etc | Trotta, |
| Date of publication, distribution, etc | 2012 |
| 490 0# - SERIES STATEMENT | |
| Series statement | Estructuras y procesos : |
| -- | Filosofía |
| 650 #4 - SUBJECT ADDED ENTRY--TOPICAL TERM | |
| Topical term or geographic name as entry element | Espectros |
| 650 #7 - SUBJECT ADDED ENTRY--TOPICAL TERM | |
| Topical term or geographic name as entry element | Fenomenología |
| 700 1# - ADDED ENTRY--PERSONAL NAME | |
| Personal name | Alarcón, José Miguel, |
| Relator term | traductor |
| 700 1# - ADDED ENTRY--PERSONAL NAME | |
| Personal name | Pertti, Cristina de, |
| Relator term | traductor |
| 942 ## - ADDED ENTRY ELEMENTS (KOHA) | |
| Source of classification or shelving scheme | Biblioteca del Cogreso de los Estados Unidos |
| Koha item type | Libro |
| Estado de pérdida | Fuente de clasificación | Estado del daño | No para préstamo | Ubicación permanente | Ubicación actual | Apartado o colección | Fecha de adquisición | Edición | Dependencia de educación superior (DES) | Área del conocimiento | Clasificación | Código de Barras | Date last seen | Número de copia | Costo por reposición | Tipo de recurso |
|---|---|---|---|---|---|---|---|---|---|---|---|---|---|---|---|---|
| Biblioteca del Cogreso de los Estados Unidos | Biblioteca del Posgrado en Derecho | Biblioteca del Posgrado en Derecho | General | 24/09/2019 | 5a ed. | Derecho | Ciencias Sociales y Administrativas | B3305.M7 D47 2012 | BPD000000212 | 24/09/2019 | 1 | 1.00 | Libro | |||
| Biblioteca del Cogreso de los Estados Unidos | Biblioteca del Posgrado en Derecho | Biblioteca del Posgrado en Derecho | General | 24/09/2019 | 5a ed. | Derecho | Ciencias Sociales y Administrativas | B3305.M7 D47 2012 | BPD000000213 | 24/09/2019 | 2 | 1.00 | Libro |